000 00521pab a2200193 454500
008 180718b2009 xxu||||| |||| 00| 0 eng d
100 _aRamotra, K.C.
245 _aSpatio-temporal patterns of tribal literacy in Dhule and Nandurbar districts of Maharashtra: a geographical analysis
260 _c2009
300 _ap.1-11.
362 _aSep
650 _aLiteracy
650 _aTribes
700 _aMote, Y.S.
700 _aVadiyar, S.K.
773 _aTribal Research Bulletin
908 _aN
909 _a85347
999 _c85347
_d85347